000 00430nam a2200145Ia 4500
008 210716s1990 xx 000 0 und d
041 _aeng
082 _a005.43 HOLS
100 _aAshley, Ruth;Fernandez, Judi N.
245 _aTeach yourself unix: includes languages and power tools.
_bIncludes languages and power tools.
250 _a1
260 _aNew Delhi
_bBPB Publications
_c1990
300 _axiii,333
650 _aUnix
999 _c182628
_d182628